000
00338nam a2200133Ia 4500
008
151001s9999||||xx |||||||||||||| ||und||
100
_a
अरुण हरकारे
245
_a
काही तासांसाठी
250
_a
1
260
_b
जिद्द
260
_c
2011
300
_a
192
365
_b
21
999
_c
997909
_d
997906